| 000 | 00473nam a2200193Ia 4500 | ||
|---|---|---|---|
| 003 | LK-CoDNM | ||
| 005 | 20240205104601.0 | ||
| 008 | 010623t1926 xxu||||| |||| 00| 1 sin d | ||
| 040 |
_aLK-CoDNM _dLK-CoDNM _eLK-CoDNM |
||
| 041 | _asin | ||
| 080 |
_a104 _bO 2 |
||
| 245 | _aරුවන් මල්දම | ||
| 246 | _aThe Golden Garland | ||
| 260 |
_bWesleyan Mission _aWellawatta _c1926 |
||
| 300 | _b cm | ||
| 650 | _aChristmas | ||
| 650 | _aNew Star | ||
| 942 | _cBK | ||
| 999 |
_c93610 _d93610 |
||